|
|
|
|
| LEADER |
01680nam a2200433 i 4500 |
| 001 |
36419 |
| 003 |
BD-DhAAL |
| 005 |
20211129101208.0 |
| 008 |
191023t2019 nyua 001 0 eng d |
| 999 |
|
|
|c 41596
|d 41596
|
| 010 |
|
|
|a 2018418357
|
| 020 |
|
|
|a 0134730364
|
| 020 |
|
|
|a 9780134730363
|
| 020 |
|
|
|a 9780134830155
|
| 020 |
|
|
|a 0134830156
|
| 020 |
|
|
|a 9780134730851
|
| 020 |
|
|
|a 0134730852
|
| 035 |
|
|
|a (OCoLC)on1006451087
|
| 040 |
|
|
|a YDX
|b eng
|c YDX
|d BDX
|e rda
|d VPI
|d OCLCF
|d EAU
|d ORZ
|d DLC
|d BD-DhAAL
|
| 042 |
|
|
|a lccopycat
|
| 050 |
0 |
0 |
|a HG179
|b .K47 2019
|
| 082 |
0 |
4 |
|a 332.02401
|2 23
|
| 100 |
1 |
|
|a Keown, Arthur J.,
|e author.
|9 36437
|
| 245 |
1 |
0 |
|a Personal finance :
|b turning money into wealth /
|c Arthur J. Keown
|
| 250 |
|
|
|a Eighth edition
|
| 260 |
|
|
|a New York, NY :
|b Pearson,
|c 2019
|
| 300 |
|
|
|a xxiii, 624 pages :
|b illustrations (some color) ;
|c 27 cm.
|
| 490 |
1 |
|
|a The Pearson series in finance
|
| 500 |
|
|
|a Includes index.
|
| 526 |
|
|
|a BBS
|
| 541 |
|
|
|a Karim International
|e 36419, 36420
|
| 650 |
|
0 |
|a Finance, Personal.
|9 36438
|
| 650 |
|
0 |
|a Investments.
|9 36439
|
| 650 |
|
0 |
|a Business & finance
|9 43262
|
| 830 |
|
0 |
|a Pearson series in finance.
|9 36440
|
| 852 |
|
|
|a Ayesha Abed Library
|c General Stacks
|
| 942 |
|
|
|2 ddc
|c BK
|
| 952 |
|
|
|0 0
|1 0
|2 ddc
|4 0
|6 332_024010000000000_KEO
|7 0
|9 66783
|a BRACUL
|b BRACUL
|c GEN
|d 2019-10-17
|e Karim International
|g 28380.00
|l 0
|o 332.02401 KEO
|p 3010036419
|r 2019-10-17
|t 1
|v 28380.00
|w 2019-10-17
|y BK
|
| 952 |
|
|
|0 0
|1 0
|2 ddc
|4 0
|6 332_024010000000000_KEO
|7 0
|9 66784
|a BRACUL
|b BRACUL
|c GEN
|d 2019-10-17
|e Karim International
|g 28380.00
|l 2
|m 16
|o 332.02401 KEO
|p 3010036420
|q 2026-09-06
|r 2025-01-18
|s 2025-01-18
|t 2
|v 28380.00
|w 2019-10-17
|y BK
|